000
00199 a2200097 4500
001
9239
100
_a
Kabir, H.
245
_a
Science democracy & Islam
260
_a
_b
Allen
_c
090
_c
7409
_d
7409
942
_a
NUST-CAE
_c
M
_c
34055
999
_c
244312
_d
244312